ARRUPE JESUIT UNIVERSITY

CORONAVIRUS -STOP THE SPREAD - CLEAN,DISINFECT,COVER

All the king's men / (Record no. 123546)

MARC details
000 -LEADER
fixed length control field 00826mam a2200277 a 4500
001 - CONTROL NUMBER
control field 2163096
005 - DATE AND TIME OF LATEST TRANSACTION
control field 20151020115304.0
008 - FIXED-LENGTH DATA ELEMENTS--GENERAL INFORMATION
fixed length control field 900427r19901946cau 000 1 eng
010 ## - LIBRARY OF CONGRESS CONTROL NUMBER
LC control number 90036181 //r952
020 ## - INTERNATIONAL STANDARD BOOK NUMBER
International Standard Book Number 0151047723 :
Terms of availability $15.95
035 ## - SYSTEM CONTROL NUMBER
System control number (OCoLC)21600974
035 ## - SYSTEM CONTROL NUMBER
System control number (OCoLC)ocm21600974
035 ## - SYSTEM CONTROL NUMBER
System control number (NNC)2163096
040 ## - CATALOGING SOURCE
Original cataloging agency DLC
Transcribing agency DLC
Modifying agency DLC
-- OCoLC
-- DLC
050 00 - LIBRARY OF CONGRESS CALL NUMBER
Classification number PS3545.A748
Item number A78 1990
082 00 - DEWEY DECIMAL CLASSIFICATION NUMBER
Classification number 813/.52
Edition number 20
100 1# - MAIN ENTRY--PERSONAL NAME
Personal name Warren, Robert Penn,
Dates associated with a name 1905-1989.
9 (RLIN) 20342
245 10 - TITLE STATEMENT
Title All the king's men /
Statement of responsibility, etc Robert Penn Warren.
260 ## - PUBLICATION, DISTRIBUTION, ETC. (IMPRINT)
Place of publication, distribution, etc New York
Name of publisher, distributor, etc Bantam books
Date of publication, distribution, etc 1951
300 ## - PHYSICAL DESCRIPTION
Extent 531 p. ;
Dimensions 18cm.
490 1# - SERIES STATEMENT
Series statement An HBJ modern classic
650 #0 - SUBJECT ADDED ENTRY--TOPICAL TERM
Topical term or geographic name as entry element Politicians
Geographic subdivision Southern States
Form subdivision Fiction.
9 (RLIN) 20343
655 #7 - INDEX TERM--GENRE/FORM
Genre/form data or focus term Political fiction.
Source of term lcsh
-- 20344
942 ## - ADDED ENTRY ELEMENTS (KOHA)
Source of classification or shelving scheme Library of Congress Classification
Item type Monograph ( Printed materials)
Holdings
Withdrawn status Lost status Source of classification or shelving scheme Damaged status Not for loan Home library Current library Date acquired Total Checkouts Full call number Barcode Date last seen Price effective from Koha item type
    Library of Congress Classification     ARRUPE LIBRARY ARRUPE LIBRARY 20/10/2015   PS3545.A748 A78 1990 46500005442 20/10/2015 20/10/2015 Monograph ( Printed materials)

 

Arrupe Library. PO Box MP320 Mt Pleasant, Harare, Zimbabwe
263 242 745411|librarian@aju.ac.zw